Culture and christianity : the dialectics of transformation

Αποθηκεύτηκε σε:
Λεπτομέρειες βιβλιογραφικής εγγραφής
Άλλοι συγγραφείς: Saunders, George R. 1946-
Μορφή: Βιβλίο
Γλώσσα:English
Δημοσίευση: New York : Greenwood Press, c1988
Σειρά:Contributions to the study of anthropology ; ; 2
Θέματα:
Ετικέτες: Προσθήκη ετικέτας
Δεν υπάρχουν, Καταχωρήστε ετικέτα πρώτοι!

MARC

LEADER 00000nam a2200000 i 4500
001 1/90377
008 990927s1988 eng d
020 |a 0-313-26118-0 
035 |l 10053080 
040 |a GR-MY-UA  |b gre  |e aacr 
041 0 |a eng 
082 0 |a 261 
245 1 0 |a Culture and christianity :  |b the dialectics of transformation /  |c edited by George R. Saunders 
260 |a New York :   |b Greenwood Press,   |c c1988 
300 |a 217 p. 
490 1 |a Contributions to the study of anthropology  |v ; 2 
504 |a Bibliography: p. 195-210: Includes index 
650 0 0 |a Christianity and culture. 
700 1 |a Saunders, George R.  |d 1946- 
830 0 |a Contributions to the study of anthropology ;  |v ; 2 
852 |a INST  |b LESVOS  |e 19990927  |h 261 CUL  |p 005100019400  |q 005100019400  |t BK  |y 0 
901 |a BIBL1-1999-3 
909 |a Λ  |b 066496 
922 |a 1ΕΛΗ  |b 199906  |c ΚΠΣ/ΤΚΑ  |d ΠΑΠΑΣΩΤΗΡΙΟΥ 
950 |a 117-1998-07-12 
970 |a ΤΖΑΦΕΡΗ  |b ΕΥΑΓΓΕΛΙΑ  |z 1999/09/28